Pitch the Speech (Record no. 13845)

MARC details
000 -LEADER
fixed length control field 00395nam a22001697a 4500
003 - CONTROL NUMBER IDENTIFIER
control field OSt
008 - FIXED-LENGTH DATA ELEMENTS--GENERAL INFORMATION
fixed length control field 260223b |||||||| |||| 00| 0 eng d
020 ## - INTERNATIONAL STANDARD BOOK NUMBER
International Standard Book Number 9788198868985
082 ## - DEWEY DECIMAL CLASSIFICATION NUMBER
Classification number 808.51 HEP
100 ## - MAIN ENTRY--PERSONAL NAME
Personal name HENRY,Aruna
245 ## - TITLE STATEMENT
Title Pitch the Speech
250 ## - EDITION STATEMENT
Edition statement 1st Ed
260 ## - PUBLICATION, DISTRIBUTION, ETC. (IMPRINT)
Place of publication, distribution, etc New Delhi
Name of publisher, distributor, etc Kabdwal Book International
Date of publication, distribution, etc 2025
300 ## - PHYSICAL DESCRIPTION
Extent 172p
700 ## - ADDED ENTRY--PERSONAL NAME
Personal name D Henry
942 ## - ADDED ENTRY ELEMENTS (KOHA)
Source of classification or shelving scheme Dewey Decimal Classification
Koha item type Reference Books
Holdings
Withdrawn status Lost status Source of classification or shelving scheme Damaged status Not for loan Collection code Home library Current library Date acquired Source of acquisition Currency Cost, normal purchase price Bill Number Total Checkouts Full call number Acc. no. / Barcode Date last seen Actual Cost, discounted price Bill Date Koha item type Public note
    Dewey Decimal Classification     GENERAL PIET C-LIBRARY PIET C-LIBRARY 18/11/2025 Kabdwal Book International INR 550.00 KBI39517   808.51 HEP 39884 23/02/2026 412.50 18/11/2025 Reference Books Decentrilization

Design & Developed by: PIET Central Library
R70 Miles Stone Pattikalyana Samalkha Panipat 132102
mail ID :- [email protected], Phone No:- 0180-2569700 Ex.216